Online
Catalog

La invención de lo cotidiano / (Record no. 22574)

MARC details
000 -CABECERA
campo de control de longitud fija 01179nam a2200289 a 4500
001 - NÚMERO DE CONTROL
campo de control 000023077
005 - FECHA Y HORA DE LA ÚLTIMA TRANSACCIÓN
campo de control 20200930021955.0
008 - DATOS DE LONGITUD FIJA--INFORMACIÓN GENERAL
campo de control de longitud fija 101126k19992000mx 000 0 spa d
020 ## - NÚMERO INTERNACIONAL ESTÁNDAR DEL LIBRO
Número Internacional Estándar del Libro 9688592536
020 ## - NÚMERO INTERNACIONAL ESTÁNDAR DEL LIBRO
Número Internacional Estándar del Libro 968859377x
040 ## - FUENTE DE LA CATALOGACIÓN
Centro catalogador/agencia de origen DO-SdBNP
Lengua de catalogación spa
Centro/agencia transcriptor BNPHU
041 17 - CÓDIGO DE LENGUA
Código de lengua del texto/banda sonora o título independiente spa
Código de lengua original fre
Fuente del código Código de idiomas MARC
082 ## - NÚMERO DE LA CLASIFICACIÓN DECIMAL DEWEY
Número de clasificación 194
Número de documento/Ítem C418i
049 ## - FONDOS LOCALES (OCLC)
Fondos de biblioteca BNGR
100 1# - ENTRADA PRINCIPAL--NOMBRE DE PERSONA
Nombre de persona Certeau, Michel de.
Fechas asociadas al nombre 1925-1986
9 (RLIN) 47507
245 13 - MENCIÓN DE TÍTULO
Título La invención de lo cotidiano /
Mención de responsabilidad, etc. Michel de Certeau ; edición revisada y presentada Luce Giard ; traducción Alejandro Pescador.
260 ## - PUBLICACIÓN, DISTRIBUCIÓN, ETC.
Lugar de publicación, distribución, etc. México, D. F. ; :
Nombre del editor, distribuidor, etc. Universidad Iberoamericana. Departamento de Historia ;
-- Instituto Tecnológico y de Estudios Superiores de Occidente,
Fecha de publicación, distribución, etc. 1999.
300 ## - DESCRIPCIÓN FÍSICA
Extensión 2 v. ;
Dimensiones 23 cm.
490 1# - MENCIÓN DE SERIE
Mención de serie El oficio de la historia
534 ## - NOTA SOBRE LA VERSIÓN ORIGINAL
Encabezamiento principal del original L´invention du quotidien : Arts de faire. Habiter, cuisiner.
Localización del original Español
505 0# - NOTA DE CONTENIDO CON FORMATO
Información miscelánea v. 1.
Título Artes de hacer --
Información miscelánea v. 2.
Mención de responsabilidad Luce Giard, Pierre Mayor.
Título Habitar, cocinar.
650 #4 - PUNTO DE ACCESO ADICIONAL DE MATERIA--TÉRMINO DE MATERIA
Término de materia o nombre geográfico como elemento de entrada Filosofía francesa
9 (RLIN) 47508
650 #4 - PUNTO DE ACCESO ADICIONAL DE MATERIA--TÉRMINO DE MATERIA
Término de materia o nombre geográfico como elemento de entrada Vida cotidiana
9 (RLIN) 814
700 1# - PUNTO DE ACCESO ADICIONAL--NOMBRE DE PERSONA
Nombre de persona GIard, Luce,
Término indicativo de función/relación ed.
9 (RLIN) 47509
700 1# - PUNTO DE ACCESO ADICIONAL--NOMBRE DE PERSONA
Nombre de persona Pescador, Alejandro,
Término indicativo de función/relación tr.
9 (RLIN) 47510
830 #0 - PUNTO DE ACCESO ADICIONAL DE SERIE-TÍTULO UNIFORME
Título uniforme El oficio de la historia
9 (RLIN) 47511
Holdings
Estado de retiro Estado de pérdida Restricciones de uso No para préstamo Código de colección Localización permanente Ubicación/localización actual Ubicación en estantería Fecha de adquisición Número de inventario Total de préstamos Signatura topográfica completa Código de barras Fecha visto por última vez Precio válido a partir de Tipo de ítem Koha
        Monografías: Libros y Folletos General General En catalogación 26.11.2010 LF1   v. 1 23077-10 25.06.2020 25.06.2020 Préstamo en sala
        Monografías: Libros y Folletos General General En catalogación 26.11.2010 LF1   v. 2 23077-20 25.06.2020 25.06.2020 Préstamo en sala

Powered by Koha